000 00443nam a2200181Ia 4500
001 11275
005 20260306161934.0
008 260306t1978||||xx |||||||||||||| ||spa||
041 _aESP
082 _a985.02
_bP65
100 _aPizarro, Pedro
_eAUT
245 0 _aRelación del descubrimiento y conquista del Perú
260 _c1978
300 _a277 páginas :
_c21 cm.
650 _aGEN
654 _aCHU
942 _cLIB
_dJUS
_fJUS
_2ddc
_n
999 _c11275
_d11275